Normal view
MARC view
Entry Topical Term
001 - CONTROL NUMBER
- control field: 50603
003 - CONTROL NUMBER IDENTIFIER
- control field: OSt
005 - DATE AND TIME OF LATEST TRANSACTION
- control field: 20250211110148.0
008 - FIXED-LENGTH DATA ELEMENTS
- fixed length control field: 250211|| aca||aabn | a|a d
040 ## - CATALOGING SOURCE
- Original cataloging agency: OSt
- Transcribing agency: OSt
150 ## - HEADING--TOPICAL TERM
- Topical term or geographic name entry element: Authoritarian, Central and eastern Europe, Cultural backlash, Economic insecurity, Populism, Religion, welfare chauvinism.
670 ## - SOURCE DATA FOUND
- Source citation: Work cat.: (OSt): Jackson, Pamela Irving and Doerschler, Peter 50602, What drives support for authoritarian populist parties in eastern and central Europe?
